| Tag |
First Indicator |
Second Indicator |
Subfields |
| LEADER |
00000nam a2200000 i 4500 |
| 001 |
in00004589921 |
| 006 |
m o d f |
| 007 |
cr c|||||||||| |
| 008 |
130924s2013 vauab ob f000 0 eng c |
| 005 |
20220810155435.9 |
| 035 |
|
|
|a (OCoLC)ocn858865487
|
| 040 |
|
|
|a AZS
|b eng
|e rda
|e pn
|c AZS
|d OCLCO
|d OCLCF
|d ORE
|d OCLCQ
|d OCLCO
|d OCLCQ
|d GPO
|d MvI
|
| 042 |
|
|
|a pcc
|
| 043 |
|
|
|a n-us-ca
|
| 049 |
|
|
|a WWW
|
| 074 |
|
|
|a 0624-B-02 (online)
|
| 086 |
0 |
|
|a I 19.42/4-4:2013-5101
|
| 100 |
1 |
|
|a Voronin, Lois M.,
|e author.
|
| 245 |
1 |
0 |
|a Geohydrology, geochemistry, and groundwater simulation (1992-2011) and analysis of potential water-supply management options, 2010-60, of the Langford Basin, California /
|c by Lois M. Voronin [and five others].
|
| 264 |
|
1 |
|a Reston, Virginia :
|b U.S. Department of the Interior, U.S. Geological Survey,
|c 2013.
|
| 300 |
|
|
|a 1 online resource (x, 86 pages) :
|b color illustrations, maps (chiefly color).
|
| 336 |
|
|
|a text
|b txt
|2 rdacontent
|
| 337 |
|
|
|a computer
|b c
|2 rdamedia
|
| 338 |
|
|
|a online resource
|b cr
|2 rdacarrier
|
| 490 |
1 |
|
|a Scientific investigations report ;
|v 2013-5101
|
| 500 |
|
|
|a "Prepared in cooperation with the Fort Irwin National Training Center."
|
| 500 |
|
|
|a GPO Cataloging Record Distribution Program (CRDP).
|
| 504 |
|
|
|a Includes bibliographical references (pages 64-67).
|
| 588 |
|
|
|a Description based on online resource; title from PDF title page (viewed on Sept. 24, 2013).
|
| 650 |
|
0 |
|a Groundwater flow
|z California
|z Fort Irwin
|x Mathematical models.
|
| 650 |
|
0 |
|a Hydrogeology
|z California
|z Fort Irwin
|x Mathematical models.
|
| 650 |
|
0 |
|a Geochemistry
|z California
|z Fort Irwin
|x Mathematical models.
|
| 650 |
|
7 |
|a Geochemistry
|x Mathematical models.
|2 fast
|0 (OCoLC)fst00940350
|
| 650 |
|
7 |
|a Groundwater flow
|x Mathematical models.
|2 fast
|0 (OCoLC)fst00948347
|
| 650 |
|
7 |
|a Hydrogeology
|x Mathematical models.
|2 fast
|0 (OCoLC)fst00965086
|
| 651 |
|
7 |
|a California
|z Fort Irwin.
|2 fast
|0 (OCoLC)fst01225818
|
| 710 |
2 |
|
|a Geological Survey (U.S.),
|e issuing body.
|
| 710 |
1 |
|
|a United States.
|b Department of the Army.
|b National Training Center.
|
| 830 |
|
0 |
|a Scientific investigations report ;
|v 2013-5101.
|
| 856 |
4 |
0 |
|u https://purl.fdlp.gov/GPO/gpo183523
|t 0
|
| 999 |
f |
f |
|s a74c93bc-0725-4f3a-9bec-86e06df2b472
|i a74c93bc-0725-4f3a-9bec-86e06df2b472
|t 0
|
| 952 |
f |
f |
|a Texas A&M University
|b College Station
|c Electronic Resources
|d Available Online
|t 0
|e I 19.42/4-4:2013-5101
|h Superintendent of Documents classification
|
| 998 |
f |
f |
|a I 19.42/4-4:2013-5101
|t 0
|l Available Online
|